000 00402nam a2200145 i 4500
001 bg
100 1 _aBORKOWSKA, Stanisława
245 0 _aPłace a rozrachunek wewnętrzny w wielkich organizacjach gospodarczych /
_cStanisława Borkowska.
260 _aWarszawa,
_c1978.
040 _cBPK
041 _apol
080 _a658.14/.17:62:331.2
942 _cKS
008 s pl f |000 0 pol
999 _c9541
_d9541
856 _uhttp://koha.tu.koszalin.pl/cgi-bin/koha/opac-detail.pl?biblionumber=9541
_yKatalog online BPK